000 00467nam a2200145Ia 4500
008 230917s9999||||xx |||||||||||||| ||und||
040 _e80865
_aMAIN
041 _aEnglish
082 _a342.7 A38E
100 _aAggarwal, Partap C
245 0 _aEquality through privilege: A study of special privileges of Scheduled Castes in Haryana
260 _aNew Delhi
_bShri Ram Centre for Industrial Relations & Human Resources
_c1976
300 _avi, 206 p.
942 _cBK
999 _c202623
_d202623